Les mots et leurs contextes
Zapisane w:
| 1. autor: | |
|---|---|
| Format: | Książka |
| Język: | francuski |
| Wydane: |
París
Sorbonne Nouvelle
2003
|
| Hasła przedmiotowe: | |
| Etykiety: |
Dodaj etykietę
Nie ma etykietki, Dołącz pierwszą etykiete!
|
MARC
| LEADER | 00000nam a2200000 a 4500 | ||
|---|---|---|---|
| 001 | UCK4916 | ||
| 003 | CL-VaPUC | ||
| 008 | 050701e20030000FR |||||||||||||||||fre|d | ||
| 020 | |a 2878542932 | ||
| 082 | 0 | 4 | |a 401.41 |b CUS |2 21 |
| 100 | 0 | |a Cusin-Berche, Fabienne |e author |9 493543 | |
| 245 | 1 | 4 | |a Les mots et leurs contextes |
| 300 | |a 200 p | ||
| 942 | |c BK | ||
| 945 | |d 20050701 00:00:00 |a cmena | ||
| 260 | |a París |b Sorbonne Nouvelle |c 2003 | ||
| 650 | 0 | |a Análisis del discurso |9 256696 | |
| 650 | 0 | |a Lingüística |9 265068 | |
| 650 | 0 | |a Semántica |9 265318 | |
| 583 | |a last modification |c 20050701 00:00:00 |k Rodrigo Vera | ||
| 999 | |c 313624 |d 313622 | ||
| 952 | |0 0 |1 0 |4 0 |6 401_410000000000000_CUS_2003 |7 0 |8 A |9 385057 |a FDOPOS |b FDOPOS |d 2019-11-22 |i 4142144 |o 401.41 CUS 2003 |p 4142144 |r 2025-01-22 |w 2019-11-22 |y BK |k MLA | ||